000 00760nam a2200241Ia 4500
003 OSt
005 20220923220549.0
006 a|||||r|||| 00| 0
007 ta
008 220922b |||||||| |||| 00| 0 hin d
024 _a187,637
037 _cTextual
040 _aARTS
_cARTS
_bhin
041 _2hin
_ahin
082 _aW, 152N0
100 _aगाबा, ओ पी
_9164334
245 0 _aराजनीति सिद्वान्त की रूप रेखा
246 _aRājanīti sidvānta kī rūp rekhā
260 _aनई दिल्ली
_b मयूर पेपर बैक्स
_c1990
300 _a364 पृ.
_ccm.
942 _hW, 152N0
_cTEXL
_2CC
999 _c340714
_d340714